[Event "10. Open Pueblo Nuevo 2023"]
[Site "Madrid ESP"]
[Date "2023.09.30"]
[Round "8.6"]
[White "Barahona Torrijos, Angel"]
[Black "Elissalt Cardenas, Hector"]
[Result "0-1"]
[WhiteElo "1745"]
[BlackElo "2329"]
[PlyCount "66"]
[EventDate "2023.09.23"]
[EventType "swiss"]
[EventRounds "9"]
[EventCountry "ESP"]
[SourceTitle "Ajedrez en Madrid"]
[Source "lmi"]
[SourceDate "2023.09.23"]
[SourceVersion "1"]
[SourceVersionDate "2023.10.01"]
[SourceQuality "1"]

1. d4 Nf6 2. Nf3 e6 3. Bg5 d5 4. e3 Be7 5. Nbd2 Nbd7 6. Bd3 c5 7. c3 b6 8. Qa4
c4 9. Bb1 b5 10. Qxb5 Rb8 11. Qa4 Rxb2 12. Ne5 Qb6 13. Qc6 Bb7 14. Qxb6 Rxb6
15. Nxd7 Kxd7 16. Bc2 Ba3 17. Rb1 Bb2 18. Ke2 Bxc3 19. Rxb6 axb6 20. Rb1 Ba5
21. Bxf6 gxf6 22. e4 Kc7 23. Ke3 Bxd2+ 24. Kxd2 dxe4 25. Ke3 Ra8 26. a4 f5 27.
Rb4 Bd5 28. g4 fxg4 29. Bxe4 f5 30. Bxd5 exd5 31. Kf4 Kc6 32. f3 gxf3 33. Kxf3
Re8 0-1

[Event "10. Open Pueblo Nuevo 2023"]
[Site "Madrid ESP"]
[Date "2023.09.30"]
[Round "8.7"]
[White "Villodre Miranda, Juan Alonso"]
[Black "Pena Hernandez, Francisco Javier"]
[Result "0-1"]
[WhiteElo "1507"]
[BlackElo "1769"]
[PlyCount "112"]
[EventDate "2023.09.23"]
[EventType "swiss"]
[EventRounds "9"]
[EventCountry "ESP"]
[SourceTitle "Ajedrez en Madrid"]
[Source "lmi"]
[SourceDate "2023.09.23"]
[SourceVersion "1"]
[SourceVersionDate "2023.10.01"]
[SourceQuality "1"]

1. c4 e5 2. Nc3 Nf6 3. e4 c6 4. g3 Bc5 5. Bg2 O-O 6. h3 d6 7. Nge2 a5 8. O-O
Be6 9. d3 h6 10. Kh2 Nh7 11. f4 f5 12. exf5 Bxf5 13. g4 Bd7 14. f5 Be8 15. Ng3
Bb6 16. Qe2 Nd7 17. Be3 Bc7 18. d4 Bf7 19. d5 cxd5 20. Bxd5 Bxd5 21. Nxd5 Ndf6
22. Nxc7 Qxc7 23. Qd3 Qc6 24. Rad1 Rad8 25. b3 Rd7 26. Rd2 Rfd8 27. Rfd1 d5 28.
cxd5 Nxd5 29. Qe2 Nc3 30. Rxd7 Nxe2 31. Rxd8+ Nf8 32. R1d2 Nxg3 33. Kxg3 Kf7
34. R8d6 Qe4 35. Bb6 Qf4+ 36. Kg2 e4 37. R6d4 Qf3+ 38. Kh2 e3 39. Rg2 e2 40.
Bxa5 Qe3 41. Rd5 e1=Q 42. Bxe1 Qxe1 43. Rgd2 Qe3 44. R5d3 Qf4+ 45. Kg2 Kf6 46.
Rd4 Qe3 47. R4d3 Qe4+ 48. Kg3 Qe1+ 49. Kg2 Kg5 50. Rd8 Nh7 51. R8d7 Nf6 52.
Rxg7+ Kh4 53. Rgd7 Nxd7 54. Rxd7 Qe2+ 55. Kg1 Kg3 56. Rd3+ Qxd3 0-1

[Event "10. Open Pueblo Nuevo 2023"]
[Site "Madrid ESP"]
[Date "2023.09.30"]
[Round "8.8"]
[White "Camarero Izquierdo, Juan Carlos"]
[Black "Jimenez Gonzalez, Marcos"]
[Result "1-0"]
[WhiteElo "1721"]
[BlackElo "1775"]
[PlyCount "97"]
[EventDate "2023.09.23"]
[EventType "swiss"]
[EventRounds "9"]
[EventCountry "ESP"]
[SourceTitle "Ajedrez en Madrid"]
[Source "lmi"]
[SourceDate "2023.09.23"]
[SourceVersion "1"]
[SourceVersionDate "2023.10.01"]
[SourceQuality "1"]

1. e4 c6 2. d4 d5 3. e5 c5 4. dxc5 e6 5. Qg4 Nc6 6. Nf3 Qc7 7. Qg3 Nge7 8. Bd3
Nb4 9. O-O Nxd3 10. cxd3 Nf5 11. Qg4 Bxc5 12. d4 Bb6 13. Nc3 Bd7 14. Be3 h5 15.
Qh3 Nxe3 16. fxe3 Qd8 17. Qg3 g6 18. Ng5 Rf8 19. Nh7 Qe7 20. Nxf8 Qxf8 21. Rac1
Bc6 22. Rf4 O-O-O 23. Rcf1 Be8 24. Qxg6 Qh8 25. Qf6 Qh7 26. a4 a6 27. b4 Rd7
28. Qh4 Qd3 29. Qe1 Rc7 30. a5 Ba7 31. Na2 Qg6 32. Qg3 Qh7 33. Rc1 Rxc1+ 34.
Nxc1 Bb5 35. Qe1 Bb8 36. Nb3 Bc7 37. h4 Kb8 38. Nc5 Ka7 39. Kh2 b6 40. axb6+
Bxb6 41. Qf2 Be8 42. Qf1 Bxc5 43. bxc5 Qg6 44. Qd1 Bb5 45. Qb3 Qg8 46. Qb4 Qd8
47. Rxf7+ Ka8 48. Rf6 Qg8 49. c6 1-0

[Event "10. Open Pueblo Nuevo 2023"]
[Site "Madrid ESP"]
[Date "2023.09.30"]
[Round "8.9"]
[White "De la Torre Campo, Rafael"]
[Black "Iriarte Diez, Enrique"]
[Result "1/2-1/2"]
[WhiteElo "1719"]
[BlackElo "1872"]
[PlyCount "72"]
[EventDate "2023.09.23"]
[EventType "swiss"]
[EventRounds "9"]
[EventCountry "ESP"]
[SourceTitle "Ajedrez en Madrid"]
[Source "lmi"]
[SourceDate "2023.09.23"]
[SourceVersion "1"]
[SourceVersionDate "2023.10.01"]
[SourceQuality "1"]

1. d4 Nf6 2. c4 c5 3. d5 b5 4. cxb5 a6 5. e3 g6 6. Nf3 Bg7 7. Nc3 O-O 8. Be2 e6
9. O-O axb5 10. Bxb5 Qb6 11. a4 Bb7 12. e4 Na6 13. dxe6 fxe6 14. Qe2 d5 15.
exd5 exd5 16. Bg5 Nc7 17. Rfe1 Nxb5 18. Bxf6 Rxf6 19. Nxb5 Raf8 20. a5 Qa6 21.
Nc3 Qxe2 22. Rxe2 d4 23. Ne4 Re6 24. Nfg5 Re7 25. f3 h6 26. Nh3 d3 27. Rd2 Bxe4
28. fxe4 Rxe4 29. Rxd3 Bxb2 30. Rad1 Ra4 31. Rd6 Bd4+ 32. Kh1 Kg7 33. g3 g5 34.
a6 Ra2 35. Rb1 Rf7 36. Re1 Ra3 1/2-1/2

[Event "10. Open Pueblo Nuevo 2023"]
[Site "Madrid ESP"]
[Date "2023.09.30"]
[Round "8.10"]
[White "Fernandez Liria, Cristobal"]
[Black "Becerra Baigorri, Jose"]
[Result "1-0"]
[WhiteElo "1634"]
[BlackElo "1494"]
[PlyCount "29"]
[EventDate "2023.09.23"]
[EventType "swiss"]
[EventRounds "9"]
[EventCountry "ESP"]
[SourceTitle "Ajedrez en Madrid"]
[Source "lmi"]
[SourceDate "2023.09.23"]
[SourceVersion "1"]
[SourceVersionDate "2023.10.01"]
[SourceQuality "1"]

1. e4 e5 2. Nf3 Nc6 3. d4 exd4 4. Bc4 Nf6 5. e5 d5 6. Bb5 Bb4+ 7. c3 Qe7 8.
Bxc6+ bxc6 9. cxb4 Qxb4+ 10. Qd2 Qe7 11. O-O Ne4 12. Qxd4 O-O 13. Nc3 Nxc3 14.
Qxc3 c5 15. Bg5 1-0

[Event "10. Open Pueblo Nuevo 2023"]
[Site "Madrid ESP"]
[Date "2023.09.30"]
[Round "8.11"]
[White "Martin Arbeloa, Fernando"]
[Black "Martinez Miura, Enrique"]
[Result "1-0"]
[WhiteElo "1873"]
[BlackElo "1473"]
[PlyCount "49"]
[EventDate "2023.09.23"]
[EventType "swiss"]
[EventRounds "9"]
[EventCountry "ESP"]
[SourceTitle "Ajedrez en Madrid"]
[Source "lmi"]
[SourceDate "2023.09.23"]
[SourceVersion "1"]
[SourceVersionDate "2023.10.01"]
[SourceQuality "1"]

1. d4 d5 2. c4 e6 3. Nc3 Nf6 4. cxd5 exd5 5. Bg5 Be7 6. e3 O-O 7. Bd3 c6 8. Qc2
Nbd7 9. Nge2 b6 10. O-O Bb7 11. Rac1 Rc8 12. Qa4 a6 13. b4 b5 14. Qb3 h6 15.
Bh4 Nh5 16. Bxe7 Qxe7 17. Rce1 Nhf6 18. Ng3 g6 19. e4 dxe4 20. Ncxe4 Qd8 21.
Nd6 Rb8 22. Bxg6 Nd5 23. Bb1 N7f6 24. Ngf5 Kh8 25. Qg3 1-0

[Event "10. Open Pueblo Nuevo 2023"]
[Site "Madrid ESP"]
[Date "2023.09.30"]
[Round "8.12"]
[White "Perez Pascual, Arturo"]
[Black "Sotoca Aguado, Jose"]
[Result "0-1"]
[WhiteElo "1616"]
[BlackElo "1667"]
[PlyCount "77"]
[EventDate "2023.09.23"]
[EventType "swiss"]
[EventRounds "9"]
[EventCountry "ESP"]
[SourceTitle "Ajedrez en Madrid"]
[Source "lmi"]
[SourceDate "2023.09.23"]
[SourceVersion "1"]
[SourceVersionDate "2023.10.01"]
[SourceQuality "1"]

1. e4 c6 2. d4 d5 3. e5 Bf5 4. Nc3 e6 5. g4 Bg6 6. Nge2 h6 7. h4 Be7 8. h5 Bh7
9. Be3 Bg5 10. Nf4 Nd7 11. Qd2 Bxf4 12. Bxf4 Qb6 13. O-O-O f6 14. Bd3 Bxd3 15.
Qxd3 Ne7 16. exf6 gxf6 17. Qe2 Nf8 18. Bd2 Kd7 19. Be3 Qa6 20. Qf3 Ng8 21. Qf4
Ke8 22. Bd2 Rh7 23. Rhe1 b5 24. Qd6 Qb7 25. Qc5 Qd7 26. f4 Rd8 27. f5 Qd6 28.
Qxd6 Rxd6 29. a4 Rd8 30. Be3 Kd7 31. Re2 exf5 32. gxf5 Rg7 33. Bf2 Re8 34. Rxe8
Kxe8 35. Re1+ Kf7 36. Ne2 Rg4 37. Rh1 Ne7 38. Be1 Nxf5 39. c3 0-1

[Event "10. Open Pueblo Nuevo 2023"]
[Site "Madrid ESP"]
[Date "2023.09.30"]
[Round "8.13"]
[White "Martin Sanchez, Fernando"]
[Black "Lopez Guitian, Juan J."]
[Result "0-1"]
[WhiteElo "1486"]
[BlackElo "1468"]
[PlyCount "106"]
[EventDate "2023.09.23"]
[EventType "swiss"]
[EventRounds "9"]
[EventCountry "ESP"]
[SourceTitle "Ajedrez en Madrid"]
[Source "lmi"]
[SourceDate "2023.09.23"]
[SourceVersion "1"]
[SourceVersionDate "2023.10.01"]
[SourceQuality "1"]

1. b4 e6 2. Bb2 Nf6 3. a3 d5 4. e3 a6 5. c4 dxc4 6. Bxc4 b5 7. Be2 Bb7 8. Bf3
Bxf3 9. Nxf3 Nbd7 10. d4 Nb6 11. Nbd2 Na4 12. Qc2 Qd7 13. Rc1 Nxb2 14. Qxb2 Bd6
15. e4 Bf4 16. Rc2 O-O 17. O-O Rfd8 18. Re1 c6 19. Nb3 Ra7 20. Nc5 Qe8 21. Nd3
Bb8 22. e5 Nd5 23. Qc1 Ne7 24. Re4 a5 25. Rg4 axb4 26. Nxb4 Rc8 27. h4 Kh8 28.
Rc3 Ra8 29. Re4 Bc7 30. g4 Ba5 31. Ng5 Bxb4 32. axb4 Ra4 33. Qb1 h6 34. Nh3 Nd5
35. Rc5 Rca8 36. Kg2 Ra1 37. Qb3 R8a3 38. Qb2 R1a2 39. Qc1 Nxb4 40. Qb1 Nd3 41.
g5 Nxc5 42. dxc5 Qd7 43. gxh6 gxh6 44. Qc1 Qd2 45. Qxd2 Rxd2 46. Rf4 Kg7 47.
Rg4+ Kf8 48. Ng1 Ra4 49. Rg3 Raa2 50. Rf3 b4 51. Rf4 b3 52. Nh3 b2 53. Rb4 Ra1
0-1

[Event "10. Open Pueblo Nuevo 2023"]
[Site "Madrid ESP"]
[Date "2023.09.30"]
[Round "8.14"]
[White "Veuthey Martinez, Eloy"]
[Black "Castro Uceda, Jose Antonio"]
[Result "0-1"]
[WhiteElo "1462"]
[BlackElo "1523"]
[PlyCount "86"]
[EventDate "2023.09.23"]
[EventType "swiss"]
[EventRounds "9"]
[EventCountry "ESP"]
[SourceTitle "Ajedrez en Madrid"]
[Source "lmi"]
[SourceDate "2023.09.23"]
[SourceVersion "1"]
[SourceVersionDate "2023.10.01"]
[SourceQuality "1"]

1. d4 Nf6 2. Nf3 d5 3. e3 Bf5 4. c4 e6 5. Qb3 Qc8 6. Nc3 a6 7. cxd5 exd5 8.
Nxd5 Nxd5 9. Qxd5 Be6 10. Qe4 Be7 11. Qc2 O-O 12. Bd3 h6 13. O-O Nc6 14. a3 Qd7
15. b4 Na7 16. Ne5 Qc8 17. Bb2 Bf6 18. Nf3 Bg4 19. Bh7+ Kh8 20. Be4 Nb5 21. h3
Bd7 22. Rfc1 Nd6 23. Bd3 c6 24. e4 Be7 25. Ne5 Be6 26. Qe2 Qd8 27. Qf3 Nb5 28.
Bc4 Nxd4 29. Bxd4 Qxd4 30. Rd1 Qxe5 31. Bxe6 Qxe6 32. Rd3 Rfd8 33. Rad1 Rxd3
34. Rxd3 Rd8 35. Rxd8+ Bxd8 36. Qd3 Bc7 37. Qf3 Qa2 38. g3 Qe6 39. Kg2 Bd6 40.
Qd3 c5 41. bxc5 Bxc5 42. Qd8+ Kh7 43. Qc7 Qxe4+ 0-1

[Event "10. Open Pueblo Nuevo 2023"]
[Site "Madrid ESP"]
[Date "2023.10.01"]
[Round "9.1"]
[White "Pinto, Daniel"]
[Black "Longa Yauca, Javier"]
[Result "0-1"]
[WhiteElo "2274"]
[BlackElo "2197"]
[PlyCount "88"]
[EventDate "2023.09.23"]
[EventType "swiss"]
[EventRounds "9"]
[EventCountry "ESP"]
[SourceTitle "Ajedrez en Madrid"]
[Source "lmi"]
[SourceDate "2023.09.23"]
[SourceVersion "1"]
[SourceVersionDate "2023.10.01"]
[SourceQuality "1"]

1. e4 e5 2. Nf3 Nc6 3. Bb5 Nge7 4. O-O a6 5. Bc4 Ng6 6. d4 d6 7. Ng5 Nxd4 8.
Bxf7+ Ke7 9. c3 Nc6 10. Bd5 Qe8 11. Nf7 Qxf7 12. Bxf7 Kxf7 13. f4 exf4 14. Bxf4
Ke8 15. Bg5 h6 16. Qh5 Nce5 17. h3 hxg5 18. Qxg5 Be7 19. Qe3 Be6 20. Nd2 a5 21.
Nb3 c5 22. Nd2 a4 23. b3 Kd7 24. bxa4 Rxa4 25. Qe2 Kc7 26. Rab1 Bd7 27. Qd1 b5
28. Rb2 Bg5 29. Nf3 Nxf3+ 30. Rxf3 Ne5 31. Rg3 Bf6 32. Rd2 Nc4 33. Rf2 Rha8 34.
Rxf6 gxf6 35. Rg7 Ne5 36. h4 Rxa2 37. Kh2 R8a4 38. Qd5 Re2 39. c4 bxc4 40. Qd1
Raa2 41. h5 Ng4+ 42. Kg3 Rxg2+ 43. Kh4 Rh2+ 44. Kg3 Ra3+ 0-1

[Event "10. Open Pueblo Nuevo 2023"]
[Site "Madrid ESP"]
[Date "2023.10.01"]
[Round "9.2"]
[White "Rottenwohrer Suarez, Juan"]
[Black "Martinez Ramirez, Lennis"]
[Result "0-1"]
[WhiteElo "2281"]
[BlackElo "2464"]
[PlyCount "39"]
[EventDate "2023.09.23"]
[EventType "swiss"]
[EventRounds "9"]
[EventCountry "ESP"]
[SourceTitle "Ajedrez en Madrid"]
[Source "lmi"]
[SourceDate "2023.09.23"]
[SourceVersion "1"]
[SourceVersionDate "2023.10.01"]
[SourceQuality "1"]

1. d4 Nf6 2. c4 c5 3. d5 e6 4. Nc3 exd5 5. cxd5 d6 6. e4 g6 7. Nf3 a6 8. a4 Bg4
9. Qb3 Bxf3 10. Qxb7 Nbd7 11. gxf3 Bg7 12. Bf4 Rb8 13. Qxa6 Rxb2 14. Nb5 O-O
15. Bg2 Nxd5 16. exd5 Qh4 17. Be3 Qc4 18. Bf1 Qb4+ 19. Kd1 Re8 20. Qa5 0-1

[Event "10. Open Pueblo Nuevo 2023"]
[Site "Madrid ESP"]
[Date "2023.10.01"]
[Round "9.4"]
[White "Pena Hernandez, Francisco Javier"]
[Black "Camarero Izquierdo, Juan Carlos"]
[Result "1-0"]
[WhiteElo "1769"]
[BlackElo "1721"]
[PlyCount "73"]
[EventDate "2023.09.23"]
[EventType "swiss"]
[EventRounds "9"]
[EventCountry "ESP"]
[SourceTitle "Ajedrez en Madrid"]
[Source "lmi"]
[SourceDate "2023.09.23"]
[SourceVersion "1"]
[SourceVersionDate "2023.10.01"]
[SourceQuality "1"]

1. d4 d5 2. c4 e6 3. Nf3 c6 4. Nc3 f5 5. e3 Nf6 6. Be2 Bd6 7. Ne5 Bxe5 8. dxe5
Ne4 9. O-O O-O 10. f4 Nd7 11. Nxe4 fxe4 12. b3 Kh8 13. Ba3 Rg8 14. cxd5 exd5
15. Bb2 Qe7 16. Rc1 Nf8 17. f5 Qg5 18. e6 Qxe3+ 19. Kh1 h6 20. Rc3 Qb6 21. Rh3
Kh7 22. Bh5 Bxe6 23. fxe6 Nxe6 24. Bf7 Ng5 25. Bg6+ Kxg6 26. Qh5+ Kh7 27. Qxg5
c5 28. Qxd5 Rae8 29. Qf5+ Qg6 30. Qxg6+ Kxg6 31. Rg3+ Kh5 32. Bxg7 e3 33. Rf5+
Kh4 34. Bf6+ Rg5 35. Bxg5+ hxg5 36. Rfxg5 Re4 37. Rg8 1-0

[Event "10. Open Pueblo Nuevo 2023"]
[Site "Madrid ESP"]
[Date "2023.10.01"]
[Round "9.5"]
[White "Estevez Sacristan, Deva"]
[Black "Garrido Olivares, Ricard"]
[Result "0-1"]
[WhiteElo "1948"]
[BlackElo "2164"]
[PlyCount "116"]
[EventDate "2023.09.23"]
[EventType "swiss"]
[EventRounds "9"]
[EventCountry "ESP"]
[SourceTitle "Ajedrez en Madrid"]
[Source "lmi"]
[SourceDate "2023.09.23"]
[SourceVersion "1"]
[SourceVersionDate "2023.10.01"]
[SourceQuality "1"]

1. e4 c6 2. d4 d5 3. e5 Bf5 4. c4 e6 5. Nc3 Ne7 6. a3 Nd7 7. c5 f6 8. exf6 gxf6
9. f4 Bg7 10. Nf3 O-O 11. Nh4 e5 12. g4 exd4 13. gxf5 dxc3 14. b4 b6 15. Be3
bxc5 16. bxc5 Qa5 17. Qd4 Rab8 18. Bd3 Rb3 19. O-O Rfb8 20. Bf2 R8b7 21. Rfe1
Nf8 22. a4 Qc7 23. Rab1 Rxb1 24. Bxb1 Kf7 25. Qxc3 Qxf4 26. a5 Nd7 27. a6 Rb4
28. Ng2 Qc4 29. Qh3 Ne5 30. Qh5+ Kf8 31. Be3 Qg4 32. Qxg4 Rxg4 33. Kf2 Ra4 34.
h3 Rxa6 35. Nf4 Kf7 36. Ne6 Ra4 37. Rg1 Bf8 38. Bd4 Bh6 39. Rg3 Rb4 40. Bc2 Rc4
41. Bb3 Rc1 42. Nd8+ Ke8 43. Bxe5 fxe5 44. Nxc6 Nxc6 45. Bxd5 Rc2+ 46. Ke1 Rxc5
47. Be6 Nd4 48. Rg8+ Ke7 49. Rh8 Nxe6 50. Rxh7+ Ng7 51. Rxh6 Nxf5 52. Rh7+ Ke6
53. Rxa7 e4 54. Ke2 Ke5 55. Rh7 Kf4 56. h4 e3 57. Rf7 Rc2+ 58. Ke1 Rh2 0-1

[Event "10. Open Pueblo Nuevo 2023"]
[Site "Madrid ESP"]
[Date "2023.10.01"]
[Round "9.6"]
[White "Gallego Bergada, Antoni"]
[Black "Fernandez Liria, Cristobal"]
[Result "1-0"]
[WhiteElo "2118"]
[BlackElo "1634"]
[PlyCount "45"]
[EventDate "2023.09.23"]
[EventType "swiss"]
[EventRounds "9"]
[EventCountry "ESP"]
[SourceTitle "Ajedrez en Madrid"]
[Source "lmi"]
[SourceDate "2023.09.23"]
[SourceVersion "1"]
[SourceVersionDate "2023.10.01"]
[SourceQuality "1"]

1. d4 Nf6 2. Nc3 d5 3. Bf4 c6 4. e3 e6 5. Bd3 Bd6 6. Bg3 Bxg3 7. hxg3 Nbd7 8.
g4 e5 9. g5 Ng8 10. g6 e4 11. Rxh7 exd3 12. Rxh8 Ndf6 13. Qxd3 Be6 14. Nf3 Qe7
15. Ne5 O-O-O 16. gxf7 Bxf7 17. Nxf7 Qxf7 18. Qf5+ Kc7 19. O-O-O Qe7 20. g4 Kb6
21. g5 Nh6 22. Rxh6 gxh6 23. gxf6 1-0

[Event "10. Open Pueblo Nuevo 2023"]
[Site "Madrid ESP"]
[Date "2023.10.01"]
[Round "9.7"]
[White "Sotoca Aguado, Jose"]
[Black "Martin Arbeloa, Fernando"]
[Result "1/2-1/2"]
[WhiteElo "1667"]
[BlackElo "1873"]
[PlyCount "73"]
[EventDate "2023.09.23"]
[EventType "swiss"]
[EventRounds "9"]
[EventCountry "ESP"]
[SourceTitle "Ajedrez en Madrid"]
[Source "lmi"]
[SourceDate "2023.09.23"]
[SourceVersion "1"]
[SourceVersionDate "2023.10.01"]
[SourceQuality "1"]

1. d4 Nf6 2. c4 b6 3. Nf3 e6 4. g3 Bb7 5. Bg2 Be7 6. O-O O-O 7. Nc3 Ne4 8. Qc2
Nxc3 9. Qxc3 d6 10. Qc2 f5 11. b4 a5 12. bxa5 Rxa5 13. Bd2 Ra8 14. a4 Be4 15.
Qb3 Nc6 16. Bc3 Na5 17. Bxa5 Rxa5 18. Nd2 Bxg2 19. Kxg2 Qd7 20. Nb1 Bf6 21. Rd1
g6 22. Nc3 Kg7 23. f3 Rfa8 24. Rab1 Qf7 25. e4 h5 26. Qc2 Kh7 27. Rb5 Qg7 28.
Rxa5 Rxa5 29. Nb5 Qe7 30. d5 fxe4 31. fxe4 exd5 32. cxd5 Be5 33. Rf1 Kg7 34.
Rc1 Kh6 35. Qd2+ Qg5 36. Qxg5+ Kxg5 37. Rc4 1/2-1/2

[Event "10. Open Pueblo Nuevo 2023"]
[Site "Madrid ESP"]
[Date "2023.10.01"]
[Round "9.8"]
[White "Lopez Guitian, Juan J."]
[Black "Barahona Torrijos, Angel"]
[Result "0-1"]
[WhiteElo "1468"]
[BlackElo "1745"]
[PlyCount "70"]
[EventDate "2023.09.23"]
[EventType "swiss"]
[EventRounds "9"]
[EventCountry "ESP"]
[SourceTitle "Ajedrez en Madrid"]
[Source "lmi"]
[SourceDate "2023.09.23"]
[SourceVersion "1"]
[SourceVersionDate "2023.10.01"]
[SourceQuality "1"]

1. e4 e5 2. Nc3 Nf6 3. g3 Bc5 4. Bg2 d6 5. h3 Nc6 6. d3 a6 7. Nge2 Be6 8. Nd5
h6 9. Nec3 Nd4 10. Na4 Ba7 11. Be3 Nxd5 12. exd5 Bd7 13. Nc3 O-O 14. Ne2 Nxe2
15. Qxe2 Bxe3 16. Qxe3 f5 17. O-O-O f4 18. gxf4 Rxf4 19. Rdg1 Qf6 20. Rf1 Rf8
21. f3 Qf7 22. c4 c6 23. Qb6 cxd5 24. Qxd6 dxc4 25. dxc4 Qxc4+ 26. Kb1 Bf5+ 27.
Ka1 Be6 28. Qa3 Rc8 29. b3 Qd4+ 30. Qb2 Rc2 31. Qxd4 Rxd4 32. Rhg1 Rdd2 33. Bh1
Rxa2+ 34. Kb1 Rdb2+ 35. Kc1 Bf5 0-1

[Event "10. Open Pueblo Nuevo 2023"]
[Site "Madrid ESP"]
[Date "2023.10.01"]
[Round "9.9"]
[White "Jimenez Gonzalez, Marcos"]
[Black "De la Torre Campo, Rafael"]
[Result "0-1"]
[WhiteElo "1775"]
[BlackElo "1719"]
[PlyCount "148"]
[EventDate "2023.09.23"]
[EventType "swiss"]
[EventRounds "9"]
[EventCountry "ESP"]
[SourceTitle "Ajedrez en Madrid"]
[Source "lmi"]
[SourceDate "2023.09.23"]
[SourceVersion "1"]
[SourceVersionDate "2023.10.01"]
[SourceQuality "1"]

1. c4 Nf6 2. g3 g6 3. Nc3 Bg7 4. Bg2 d6 5. e4 O-O 6. Nge2 c5 7. O-O Nc6 8. d3
a6 9. h3 Rb8 10. Be3 Qc7 11. Rc1 b5 12. b3 b4 13. Na4 Bd7 14. f4 Qc8 15. Kh2
Ne8 16. d4 cxd4 17. Nxd4 Nxd4 18. Bxd4 Bxd4 19. Qxd4 Bxa4 20. bxa4 Qc5 21. Qxc5
dxc5 22. e5 Nc7 23. Bd5 e6 24. Be4 Rfd8 25. Rfd1 Ne8 26. Bc2 a5 27. g4 f5 28.
exf6 Nxf6 29. Kg3 Kg7 30. Kf3 Kf7 31. g5 Ne8 32. Be4 Ke7 33. Bb1 Rxd1 34. Rxd1
Rd8 35. Rxd8 Kxd8 36. Bd3 Ke7 37. Ke4 Kd6 38. Ke3 Ng7 39. h4 e5 40. Ke4 exf4
41. Kxf4 Nh5+ 42. Ke4 Ke6 43. Bc2 Ng3+ 44. Kf4 Ne2+ 45. Kg4 Nc1 46. h5 Kf7 47.
h6 Nxa2 48. Kf4 Nc1 49. Ke5 b3 50. Be4 b2 51. Bd5+ Kf8 52. Be4 Nb3 53. Kd6 Nd2
54. Bd3 b1=Q 55. Bxb1 Nxb1 56. Kxc5 Nd2 57. Kb5 Nb3 58. c5 Ke8 59. Kc4 Nd2+ 60.
Kb5 Ne4 61. c6 Kd8 62. Kb6 Kc8 63. Kxa5 Kc7 64. Kb5 Nc3+ 65. Kc5 Ne4+ 66. Kb5
Nxg5 67. a5 Ne6 68. a6 Nd4+ 69. Kc5 Nxc6 70. Kd5 Kd7 71. Kc5 Na7 72. Kd5 Nc6
73. Kc5 Kc7 74. Kd5 Ne7+ 0-1

[Event "10. Open Pueblo Nuevo 2023"]
[Site "Madrid ESP"]
[Date "2023.10.01"]
[Round "9.10"]
[White "Castro Uceda, Jose Antonio"]
[Black "Aldea Moreno, Marina"]
[Result "1-0"]
[WhiteElo "1523"]
[BlackElo "1643"]
[PlyCount "121"]
[EventDate "2023.09.23"]
[EventType "swiss"]
[EventRounds "9"]
[EventCountry "ESP"]
[SourceTitle "Ajedrez en Madrid"]
[Source "lmi"]
[SourceDate "2023.09.23"]
[SourceVersion "1"]
[SourceVersionDate "2023.10.01"]
[SourceQuality "1"]

1. e4 c5 2. Nf3 d6 3. c3 g6 4. d4 cxd4 5. cxd4 Bg7 6. Nc3 Nf6 7. h3 O-O 8. Bc4
Nc6 9. d5 Nb8 10. O-O Nbd7 11. b4 Nxe4 12. Nxe4 Bxa1 13. Bh6 Bg7 14. Qd2 Nb6
15. Bb3 Bf5 16. Ng3 Bd7 17. Nh5 Bxh6 18. Qxh6 gxh5 19. Bc2 f5 20. Ng5 Rf7 21.
Nxf7 Qf8 22. Qxf8+ Rxf8 23. Ng5 Nxd5 24. Bb3 e6 25. Rd1 Rf6 26. Bxd5 exd5 27.
Rxd5 h6 28. Nf3 Bc6 29. Rd3 Kf7 30. a3 Ke7 31. Rc3 Kd7 32. Nd4 Bd5 33. Rg3 Rf7
34. Rg6 Re7 35. Rxh6 Re1+ 36. Kh2 Ra1 37. Nb5 a6 38. Nxd6 Rxa3 39. Nxf5 Ra2 40.
Rd6+ Kc7 41. Rxd5 Rxf2 42. Ng7 Kc6 43. Rc5+ Kd6 44. Nxh5 Rb2 45. Rc4 Kd5 46.
Rg4 Kc6 47. Nf6 Kb5 48. Nd5 Kc6 49. Rd4 a5 50. bxa5 Kb5 51. Rb4+ Rxb4 52. Nxb4
Kxb4 53. h4 Kxa5 54. h5 b5 55. h6 b4 56. h7 Ka4 57. h8=Q Ka3 58. g4 b3 59. g5
Ka2 60. g6 Ka3 61. Qf6 1-0

[Event "10. Open Pueblo Nuevo 2023"]
[Site "Madrid ESP"]
[Date "2023.10.01"]
[Round "9.11"]
[White "Lozano Valverde, Eduardo"]
[Black "Perez Pascual, Arturo"]
[Result "0-1"]
[WhiteElo "1177"]
[BlackElo "1616"]
[PlyCount "58"]
[EventDate "2023.09.23"]
[EventType "swiss"]
[EventRounds "9"]
[EventCountry "ESP"]
[SourceTitle "Ajedrez en Madrid"]
[Source "lmi"]
[SourceDate "2023.09.23"]
[SourceVersion "1"]
[SourceVersionDate "2023.10.01"]
[SourceQuality "1"]

1. d4 d5 2. Nf3 c6 3. e3 Bf5 4. Nc3 Nf6 5. Be2 e5 6. Bd2 Bd6 7. Bd3 Bg6 8. Qe2
Nbd7 9. e4 dxe4 10. Nxe4 Nxe4 11. Bxe4 Bxe4 12. Qxe4 Nf6 13. Qe2 Qb6 14. Rb1
O-O 15. O-O c5 16. c3 Rac8 17. Be3 Nd5 18. dxc5 Bxc5 19. Bxc5 Qxc5 20. Nxe5
Rfd8 21. b4 Qxc3 22. Qf3 Qxe5 23. Rfe1 Qf6 24. Qg3 Rc3 25. Qg4 Rc2 26. Rf1 Rdc8
27. g3 Rd2 28. Rbc1 Rxc1 29. Rxc1 Qxf2+ 0-1

[Event "10. Open Pueblo Nuevo 2023"]
[Site "Madrid ESP"]
[Date "2023.10.01"]
[Round "9.12"]
[White "Martinez Miura, Enrique"]
[Black "Veuthey Martinez, Eloy"]
[Result "1-0"]
[WhiteElo "1473"]
[BlackElo "1462"]
[PlyCount "39"]
[EventDate "2023.09.23"]
[EventType "swiss"]
[EventRounds "9"]
[EventCountry "ESP"]
[SourceTitle "Ajedrez en Madrid"]
[Source "lmi"]
[SourceDate "2023.09.23"]
[SourceVersion "1"]
[SourceVersionDate "2023.10.01"]
[SourceQuality "1"]

1. e4 d6 2. d4 Nf6 3. Nc3 e5 4. dxe5 dxe5 5. Qxd8+ Kxd8 6. Bg5 Be6 7. Rd1+ Nbd7
8. Nd5 Bd6 9. Bd3 h6 10. Bxf6+ Nxf6 11. Nxf6 gxf6 12. Ne2 Ke7 13. O-O Rag8 14.
Kh1 Bc5 15. f4 Be3 16. Rf3 exf4 17. Nxf4 Bg4 18. Nd5+ Kd8 19. Nxe3 Bxf3 20.
Be2+ 1-0